000 00373nam a2200157Ia 4500
003 OSt
008 191201s2010 xx 000 0 und d
082 _a332
_bBHC
100 _aBHOJANNA, U
245 0 _aComtemparary issues and challenges in banking...
250 _a1st Ed.
260 _aNew Delhi
_bExcel Books
_c2010
300 _a728
650 _aMBA
942 _2ddc
_cBK
999 _c4755
_d4755